Ted Bundy- s0cliche - Statistics

General Stats
  • This quiz has been taken 8 times
  • The average score is 317 of 375
Answer Stats
Hint Answer % Correct
. | P | W A
100%
. | U All
100%
. An
100%
. Be
100%
. | O Beautiful
100%
. Bitch
100%
. | N Bundy
100%
. | E | S Can
100%
. | D | H Cant
100%
. | U Come
100%
. | S Could
100%
. | S Damn
100%
E | F Do
100%
. | Y Don't
100%
. | ... Dont
100%
. Freezer
100%
. | P Fun
100%
. | E Go
100%
. Got
100%
. | O Have
100%
. He
100%
. | D | H | I Her
100%
. Hour
100%
. | U Hurts
100%
. | .. | H | +3 others I
100%
. | H Id
100%
. If
100%
. | I I'll
100%
. | P In
100%
. | A | C Inside
100%
. | G | I | M Is
100%
. It
100%
. | U Just
100%
. Lampshades
100%
. | U Little
100%
. | R | S Loving
100%
. Make
100%
. Minute
100%
.. | A Name
100%
. | E | G | T No
100%
. NO
100%
. | E Not
100%
. Of
100%
. | F | O | T On
100%
. | .. One
100%
. | M Perfect
100%
. | I Pieces
100%
. | R Said
100%
. Skin
100%
T | Y So
100%
. | K Ted
100%
. | U That
100%
. | I | R | U The
100%
. | L These
100%
. | T Things
100%
. | A | L | O To
100%
. Turn
100%
. Understand
100%
. | N Wait
100%
. | K | S We
100%
. | .. | T What
100%
. | C | K When
100%
. | W With
100%
. WIthou
100%
E Without
100%
. Wont
100%
. | F | L | +4 others You
100%
. | H You're
100%
. | M Admit
50%
. | C Alone
50%
. | A Been
50%
O But
50%
. Cause
50%
. Collect
50%
. Control
50%
. | I Food
50%
. | T For
50%
M Gave
50%
T_T Hold
50%
. Hole
50%
. I'm
50%
. Im
50%
. Ive
50%
. Losing
50%
. | M | P Me
50%
. My
50%
. Or
50%
. | P Put
50%
. Thought
50%
. Try
50%
. | L Tryin
50%
. | L Urges
50%
. Always
0%
. | A And
0%
. As
0%
. Bite
0%
. Drops
0%
. Fall
0%
I | N Feds
0%
. Forever
0%
. Fuck
0%
H Glock
0%
. Gonna
0%
. | B Gotta
0%
. Hiding
0%
. Hot
0%
. Keep
0%
. Like
0%
. Mans
0%
C Move
0%
. Quick
0%
. Ready
0%
. Run
0%
R Sling
0%
. Spot
0%
. Tear
0%
. This
0%
. Thots
0%
. Time
0%
. Tools
0%
. Two
0%
. Use
0%
. Yeah
0%
No matching quizzes found
Score Distribution
Percent of People with Each Score
Percentile by Number Answered
Your Score History
You have not taken this quiz